logo

Bir Sreshtho Munshi Abdur Rouf Library
Jhenaidah Cadet College

হ্যামলেট : (Record no. 3041)

MARC details
000 -LEADER
fixed length control field 00840nam a22002297a 4500
001 - CONTROL NUMBER
JCCL Control Number 3041
003 - CONTROL NUMBER IDENTIFIER
JCCL marc code BD-JhCC
005 - DATE AND TIME OF LATEST TRANSACTION
control field 20171122191805.0
008 - FIXED-LENGTH DATA ELEMENTS--GENERAL INFORMATION
fixed length control field 171109s1974 bg |||| |||| 000 0 ben d
035 ## - SYSTEM CONTROL NUMBER
system control number (BD-JhCC)3041
040 ## - CATALOGING SOURCE
Original cataloging agency BD-JhCC
Modifying agency BD-JhCC
041 ## - LANGUAGE CODE
Language code of Book ben
082 ## - DEWEY DECIMAL CLASSIFICATION NUMBER
Classification number 822.33
Author mark and Year SHA 1974
100 ## - MAIN ENTRY--PERSONAL NAME
Personal name শেক্সপীয়র, উলিয়াম
245 ## - TITLE STATEMENT
Title হ্যামলেট :
Remainder of title ডেনমার্কের রাজকুমার /
Statement of responsibility, etc উলিয়াম শেক্সপীয়র;আবু শাহরিয়ার (অনুবাদ )
260 ## - PUBLICATION, DISTRIBUTION, ETC. (IMPRINT)
Place of publication, distribution, etc ঢাকা :
Name of publisher, distributor, etc মুক্তধারা,
Date of publication, distribution, etc ১৯৭৪.
300 ## - PHYSICAL DESCRIPTION
Pagination ১৯০ পৃ. :
Dimensions ২২ সেমি.
650 ## - SUBJECT ADDED ENTRY--TOPICAL TERM
Topical term or geographic name as entry element English Drama
700 ## - ADDED ENTRY--PERSONAL NAME
Personal name শাহরিয়ার, আবু
942 ## - ADDED ENTRY ELEMENTS (KOHA)
Source of classification or shelving scheme Dewey Decimal Classification
Koha item type Books
Holdings
Source of classification or shelving scheme Damaged status Not for loan Home library Current library Shelving location Date of accession Cost, normal purchase price Total Checkouts Full call number Barcode Date last seen Copy number Koha item type
Dewey Decimal Classification     JCC Rouf Library JCC Rouf Library General Stacks 11/09/2017 10.00   822.33 SHA 1974 4952 11/09/2017 C-1 Books

JCC Library | Contacts | JCC Home

Last Update on 23 September 2017
Copyright @ 2017-2020 JCC Rouf Library
Rouf Library, Jhenidah Cadet College (JCC), Bangladesh